• 首页
  • 本馆介绍
  • 公告通知
  • 最新文献
  • 馆藏检索
  • 电子资源
  • 读者导购
  • 参考咨询
  • 我的图书馆
  • 登录
  • 详细信息显示
  • 放入我的书架
  • 预约/预借图书
  • 作者相关作品
  • 分类相关作品
  • 丛书相关作品
  • 出版社相关作品

书目信息

  • 表格格式
  • 工作单格式
  • 卡片格式
题名:
连续介质力学导论
    
 
作者: 冯元桢 , Fung 著 ;李松年 , 马和中 译
分册:  
出版信息: 北京   科学出版社  1984
页数: 380页
开本: 19cm
丛书名:
单 册:
中图分类: O33
科图分类:
主题词: 连续介质力学
电子资源:
ISBN:
000 00901nam0 2200301 45
001 0184002671
005 20040518090815.6
010    @dCNY1.90
091    @a13031.2691
100    @a19950517d1984 em y0chiy0121 ea
101 1  @achi@ceng
102    @aCN@b110000
105    @ay z 000yy
106    @ar
200 10 @a连续介质力学导论@Alian xu jie zhi li xue dao lun@f(美)冯元桢(Y.C.Fung)著@g李松年, 马和中译
210    @a北京@c科学出版社@d1984
215    @a380页@d19cm
300    @a书名原文:A first course in continuum mechanics
510 1  @aA first course in continuum mechanics@zeng
606    @a连续介质力学
690    @aO33@v3
701  1 @a冯元桢@Afeng yuan zhen@bY.C.@4著
701 A1 @aFung@bY.C.@4著
702  0 @a李松年@Ali song nian@4译
702  0 @a马和中@Ama he zhong@4译
801  0 @aCN@b上海图书馆@c20040518
801  2 @aCN@bNLC@c20040518
905    @f1@b125930@dO33@e23
    
    连续介质力学导论/(美)冯元桢(Y.C.Fung)著/李松年, 马和中译.-北京:科学出版社,1984
    380页;19cm
    书名原文:A first course in continuum mechanics
    
    ISBN :CNY1.90
    
●
相关链接 在E读中查询图书 在五车中查询图书 在当当中查询图书 在豆瓣中查询图书


正题名:连续介质力学导论     索取号:O33/23         预约/预借

序号 登录号 条形码 馆藏地/架位号 状态 备注
1 0125930   000384738   第三借阅区/ [索取号:O33/23] 在馆    
2 0125931   202093527   第二样本阅览室/ [索取号:O33/23] 在馆    
唐山师范学院图书馆 欢迎您!
大连网信软件有限公司© 版权所有